[Event "Stepanakert Petrosian Memorial"]
[Site "Stepanakert"]
[Date "2004.03.11"]
[Round "3"]
[White "Sargissian, Gabriel"]
[Black "Macieja, Bartlomiej"]
[Result "1/2-1/2"]
[WhiteElo "2618"]
[BlackElo "2653"]
[Annotator "Gershon,A"]
[PlyCount "73"]
[EventDate "2004.03.09"]
[EventType "tourn"]
[EventRounds "9"]
[EventCountry "ARM"]
[EventCategory "13"]
[SourceTitle "CBM 100"]
[Source "ChessBase"]
[SourceDate "2004.06.01"]
[SourceVersion "1"]
[SourceVersionDate "2004.06.01"]
[SourceQuality "1"]

1. d4 Nf6 2. c4 e6 3. Nf3 b6 4. g3 Ba6 5. Qb3 Nc6 6. Nbd2 Na5 7. Qc3 c5 8. dxc5
bxc5 9. e4 Bb7 10. e5 Ne4 11. Nxe4 Bxe4 12. Bg2 Be7 13. O-O Nc6 {Following
Bologan's footsteps.} (13... O-O 14. Bd2 Nc6 15. Qe3 Bxf3 16. Bxf3 Nd4 17. Bc3
(17. Bxa8 $143 Qxa8 {[%cal Gd4f3]} 18. f3 Nc2 19. Qd3 Nxa1 20. Rxa1 Qc6 {
[%cal Gf7f6] is good for black!}) 17... Nxf3+ 18. Qxf3 f6 19. Rad1 {Lautier -
Gelfand/ Cannes 2002}) 14. Nd2 $146 ({Bologan tried:} 14. Re1 Bg6 15. Bf4 O-O
16. Rad1 Rb8 17. Rd2 Qc7 18. Bg5 $5 (18. Red1 Rfd8 19. Qe3 Bh5 $1 $11) 18...
Bxg5 19. Nxg5 Rfd8 20. Rd6 Nd4 (20... Nxe5 21. Qxe5 f6 22. Nxe6 $1 $16) 21. Nf3
$14 {1/2-1/2 Bologan,V-Adams,M/Wijk aan Zee 2004/CBM 99_01/[Gershon] (40)})
14... Bg6 15. Re1 Qc7 16. Ne4 (16. Nb3 $5 Rb8 17. Be3 Qxe5 (17... Nxe5 $6 18.
Nxc5 $1 Bxc5 19. Bxc5 Qxc5 20. Rxe5 $14) 18. Qd2 $1 {[%cal Ge3f4,Ge3c5]} (18.
Qxe5 Nxe5 19. Bxc5 Bxc5 20. Rxe5 d6 $15) 18... Qh5 (18... Qc7 19. Nxc5 $14) 19.
Bf4 Rb7 20. Bd6 $1 $40) 16... O-O (16... Qxe5 {Leads to a worse endgame.} 17.
Qxe5 Nxe5 18. Nxc5 (18. Nd6+ Bxd6 19. Bxa8 Nxc4 {Having two pawns for an
exchange, and such a pawn mass in the center, black has good winning chances
in the arising endgame.}) 18... Rc8 19. Nxe6 dxe6 (19... Nd3 $2 20. Nxg7+ Kd8 (
20... Kf8 $2 21. Bh6 Nxe1 22. Rxe1 $18 {[%cal Gg7f5]}) 21. Bd2 $16 {[%cal
Gd2a5]}) 20. Rxe5 Rxc4 21. Be3 Bf6 22. Rb5 O-O 23. Bxa7 Rc2 {Black will win
back the 'b' pawn, but the remaining 'a' pawn supported by the two bishops
will be extremely dangerous.}) 17. Bf4 Rab8 18. Rad1 Nd4 {With the N on d4
black has no problem in this position.} 19. b3 Bxe4 {Preparing 20...d6.
However, black might have missed white's 21st move.} (19... Rfd8 20. Nd6 $14)
20. Rxe4 d6 $6 (20... Rfd8 $142 $11 {with the idea of d6 or d5.}) 21. Rexd4 $1
{The N must be destroyed, and black's last move made this exchange sac
possible.} (21. exd6 Bxd6 $11) 21... cxd4 22. Qxd4 {Now white is winning a
pawn.} dxe5 (22... d5 $143 23. cxd5 Rb4 24. Qe3 exd5 25. Bxd5 {White has two
pawns for an exchange, and two fierce bishops, black made a correct decision
not to go into this position.}) 23. Bxe5 Qa5 24. Bxb8 Rxb8 {Although being a
pawn down, black has very good drawing chances, due to the blocked and
vulnerable position of white's Q-side pawn chain.} 25. Qd2 Bb4 26. Qe2 Rd8 $1 {
The less major pieces are left on the board - the better black's chances are.}
27. Bf3 (27. Rxd8+ Qxd8 28. Be4 Qd4 $14 ({but not:} 28... Qd2 29. Qxd2 Bxd2 30.
c5 Kf8 31. Kf1 Ke7 32. f4 $16)) 27... Rxd1+ 28. Qxd1 g6 (28... Qxa2 $4 29. Qd8+
Bf8 30. c5 $18) 29. Kg2 Bc5 $1 {Black is keeping white Q side pawns from
moving, and puts an eye on the weak f2 pawn. The material disadvantage is not
a factor here.} (29... Qxa2 30. Qd8+ Kg7 31. Qd4+ Kg8 32. c5 {once the 'c'
pawn starts moving, black is in trouble.}) 30. Qe2 Qc3 31. Bc6 h5 32. Qf3 {
The only way to break black domination is to swap the QQ, entering a drawish
^- ending.} Qxf3+ 33. Kxf3 a5 {White Q side pawns cannot get moving now: In
order to play a2-a3, the king would have to come to b2, and with a king on b2 
(protecting the a3 pawn), b3-b4 advance will not be executable.} 34. Ke2 Kf8
35. f3 Ke7 36. Kd3 Bg1 37. h3 1/2-1/2

[Event "Olympiad-36"]
[Site "Mallorca"]
[Date "2004.10.28"]
[Round "13"]
[White "Morovic Fernandez, Ivan"]
[Black "San Segundo Carrillo, Pablo"]
[Result "1/2-1/2"]
[WhiteElo "2564"]
[BlackElo "2516"]
[Annotator "Gershon,A"]
[PlyCount "59"]
[EventDate "2004.10.15"]
[EventType "team-swiss"]
[EventRounds "14"]
[EventCountry "ESP"]
[SourceTitle "CBM 104"]
[Source "ChessBase"]
[SourceDate "2005.01.27"]
[SourceVersion "1"]
[SourceVersionDate "2005.01.27"]
[SourceQuality "1"]
[WhiteTeam "Chile"]
[BlackTeam "Spain II"]
[WhiteTeamCountry "CHI"]
[BlackTeamCountry "ESP"]

1. d4 Nf6 2. c4 e6 3. Nf3 b6 4. g3 Ba6 5. Qb3 Nc6 6. Nbd2 d5 7. Bg2 Bd6 ({
Anand prefers:} 7... Qd7 {although in the following game his posiiton was
rather suspicious:} 8. O-O Bd6 9. Qc3 O-O 10. Ne5 Bxe5 11. dxe5 Ng4 12. b4 $1
dxc4 13. Nf3 $2 {0-1 Ponomariov,R-Anand,V/Cap d'Agde 2003/CBM 98/[Roiz,M] (52)}
(13. a4 b5 14. Ne4 $16)) (7... Bb7 8. cxd5 exd5 9. Ne5 Nxd4 $2 10. Qa4+ Nc6 11.
Ndc4 $1 (11. Nxc6 Qd7) 11... Bb4+ 12. Kf1 dxc4 13. Bxc6+ Bxc6 14. Qxc6+ Kf8 15.
Bg5 Qe8 16. Bxf6 gxf6 17. Qxf6 $16 {1-0 Halkias,S-Mastrovasilis,A/Antalya TUR
2004 (29)}) 8. O-O (8. Qa4 Bb7 9. cxd5 exd5 10. Nc4 Bb4+ 11. Bd2 Bxd2+ 12.
Ncxd2 O-O 13. O-O Qd6 14. Rac1 a5 15. a3 Nd8 16. e3 $14 {1/2-1/2 Riazantsev,
A-Brodsky,M/Sochi 2004/CBM 101 (53)}) 8... O-O 9. Qa4 (9. Qc3 {- the queen is
better placed here, to my taste.}) 9... Bb7 10. cxd5 exd5 11. Nb1 {A typical
manoeuvre: ther knight has nothing to do on d2, so it's transferred to c3.} Ne4
$1 12. Nc3 Nxc3 13. bxc3 Na5 {The next phase will be about the 'c4' square: if
white is able to push c4 - he'd be better. If black is able to prevent it -
the position would be equal, perhaps even with some advantage for black.} 14.
Nd2 {[%csl Rc4]} Qe8 $1 {[%mdl 96] An extremely important move in Black's plan.
It both drives white's Q away, and brings own lady to fight for the vital
square. A typical example when tactics serve a positional idea.} 15. Qd1 (15.
Qxe8 Rfxe8 {[%csl Re2]} 16. c4 dxc4 17. Bxb7 Nxb7 18. Nxc4 Rxe2 $17) 15... Qc6
16. Bb2 Nc4 {Black has won the battle for the 'c4' square. His only problem
will now be a slightly awkwardly placed queen.} 17. Nxc4 Qxc4 {[%csl Rb2]} 18.
Re1 Rab8 {A useful move, protecting the bishop in case white succeedes to push
c4.} 19. e3 {[%cal Gg2f1]} Qb5 (19... a5 $5 20. Bf1 (20. a4 Qc6) 20... Qc6 21.
a4 Qe8 $11) 20. Qb3 Qxb3 $6 {I don't like this move - Black is opening the 'a'
file for white, and allows white to bring another pawn closer to the center.} (
20... Qa5 $142) 21. axb3 a5 22. Ba3 Rfd8 23. Bxd6 Rxd6 24. Rec1 {Now white has
a slight edge (which, however, didn't last that long in this game). White's
pluses over black's position: a better bishop, and a longer pawn chain. Of
course, if black plays coolly it shouldn't be too serious.} Kf8 25. Ra3 Ke7 26.
b4 (26. Kf1 {It's a good idea to bring the king closer to the center first.})
26... axb4 27. cxb4 Rc6 $1 28. Rb1 Kd6 29. Bf1 g6 30. Bd3 1/2-1/2

[Event "Metalska Trgovina CC 90"]
[Site "Ljubljana"]
[Date "2002.01.29"]
[Round "10"]
[White "Beliavsky, Alexander G"]
[Black "Podlesnik, Bogdan"]
[Result "1-0"]
[WhiteElo "2649"]
[BlackElo "2397"]
[Annotator "Gershon,A"]
[PlyCount "93"]
[EventDate "2002.01.19"]
[EventType "tourn"]
[EventRounds "11"]
[EventCountry "SLO"]
[EventCategory "11"]
[SourceTitle "CBM 088"]
[Source "ChessBase"]
[SourceDate "2002.03.21"]
[SourceVersion "1"]
[SourceVersionDate "2002.03.21"]
[SourceQuality "1"]

1. d4 Nf6 2. c4 e6 3. Nf3 b6 4. g3 Ba6 5. b3 d5 6. cxd5 (6. Bg2 dxc4 7. Ne5
Bb4+ 8. Kf1 Bd6 9. Nxc4 Nd5 10. Bb2 Nc6 11. Bf3 f5 12. Nc3 Nce7 13. Kg2 Bb7 14.
Nb5 O-O 15. Nbxd6 cxd6 16. Ba3 $14 {1-0 Lev,R-Rechlis,G/Israel 1999/EXT 2000 
(37)}) 6... Bb4+ (6... exd5 7. Bg2 Bd6 8. O-O Nbd7 9. Nc3 O-O 10. Bf4 (10. Qc2
Re8 11. Bb2 Rc8 12. Rfd1 c6 13. Rac1 Qe7 14. Nh4 Bb4 15. Nf5 Qf8 16. e3 g6 17.
Nh4 Qe7 18. Nf3 Ne4 19. a3 Bd6 20. Nxe4 dxe4 21. Nd2 $14 {1-0 Epishin,
V-Tomashevsky,E/Elista RUS 2001/The Week in Chess 339 (65)}) 10... Qe7 11. Bxd6
Qxd6 12. Re1 Rfe8 13. Rc1 Rad8 14. Qd2 Nf8 15. Qb2 Ne6 16. b4 $14 {1-0 Antic,
D-Damljanovic,B/Herceg Novi YUG 2001/The Week in Chess 335 (55)}) 7. Bd2 Bxd2+
8. Qxd2 (8. Nfxd2 Nxd5 9. Bg2 Nd7 10. O-O {1/2-1/2 Polak,T-Lerner,K/Graz 1999/
EXT 2001 (10)}) 8... Ne4 {Trying to improve over the previously tried;} (8...
Nxd5 9. e4 $1 {After his game with Yudasin in 1999, Beliavsky comes with an
important novelty.} Bxf1 10. Kxf1 Nf6 11. Nc3 Qc8 12. Kg2 Qb7 13. Rhe1 O-O 14.
Rad1 $14 {Beliavski - Rechlis/2nd EUCC/Ohrid/2000}) 9. Qb2 exd5 10. Bg2 O-O 11.
O-O Re8 {white's best plan is to try and blockade black's pawns on the queen
side, whereas black, on his part, cannot allow that.} 12. b4 c5 (12... c6 13.
Ne5 $1 Bb7 14. Rc1 {and black has difficulties to develop his queen side.}) ({
the idea:} 12... Bxe2 13. Qxe2 Nxg3 {is refuted by:} 14. Qxe8+ ({but not} 14.
Qd2 Nxf1 15. Bxf1 Nd7 {with good play for black}) 14... Qxe8 15. hxg3 {where
white's R + 2 pieces are much stronger than the queen}) 13. b5 (13. bxc5 bxc5
14. dxc5 Nc6 {with an unclear game} ({but not:} 14... Nxc5 $2 {[%csl Re2]} 15.
Nd4 {and black cannot develop})) 13... Bb7 14. Nc3 a6 15. a4 {white is not in
hurry to take on c5.} Qf6 16. e3 Nxc3 (16... Nd7 17. Rfc1 {- game}) 17. Qxc3
Nd7 18. Rfc1 a5 $2 {allowing white to drive the game into a technical endgame}
(18... axb5 $142 19. axb5 Qf5 {black should keep the queens on the board} (
19... Rxa1 $6 20. Rxa1 Ra8 21. Rxa8+ Bxa8 22. Qa3 Qd8 23. Bh3 $1 {is not
satisfactory for black.})) 19. dxc5 $1 {at the right moment} Qxc3 20. Rxc3 Nxc5
(20... bxc5 {would have made white's b5 pawn - a strong passer.} 21. Nd2 $1 $16
{[%csl Ra5,Rc5][%cal Gd2b3]}) 21. Nd4 {[%csl Rb7,Rd5][%cal Gg2d5] now black is
bound to a passive defence.} Rac8 22. Bh3 Rc7 23. Rac1 {[%cal Gd4b3] with a
strong threat: Nb3} Rce7 {[%csl Ra4][%cal Gc5a4] with black being passive, his
position still remains solid, mainly due to the strong position of the night.
The answer to the problem is obvious:} 24. Rxc5 $1 bxc5 25. Rxc5 {black rooks
are extremely passive, while all white's pieces are working well.One of the
'a5' or 'd5' pawns is doomed (if not both), which will ensure white a safe
advantage until the very end.} g6 26. Kf1 $1 {bringing the king closer, black
has nothing productive to play} f5 {[%cal Gh3c8] black must close this
diagonal, or his rook will never move.} 27. Bg2 Rd7 (27... Rc8 28. Bxd5+ Kg7
29. Rxc8 Bxc8 30. Bc6 $16 {[%cal Gd4b3]} (30. Nc6 $143 Rd7 31. Be6 Rd1+ $1 32.
Ke2 Bxe6 33. Kxd1 Bb3+ 34. Kd2 Bxa4 35. Nxa5 Bxb5 {with chances to save the
game})) 28. Nb3 Rc8 29. Rxc8+ Bxc8 30. Nxa5 {now, white has two passers, the
rest is a matter of good technique} Kf8 ({an attemp to win back the 'a' pawn
fails:} 30... Ra7 31. Nc6 Rxa4 $4 32. Ne7+) 31. Nc6 Bb7 32. Nd4 {not allowing
black to break the pawns apart, of course.} Ke7 33. Ke2 Kd6 34. Kd2 Rd8 (34...
Kc5 35. Kc3 {[%cal Gd4b3]}) 35. a5 Ra8 36. Nb3 {[%csl Ra8,Rb7] black is
absolutely helpless} Bc8 37. Bf1 $1 {Not in hurry! Giving the 'a6 square a
little bit more protection} (37. a6 {would have given black a chance to change
the character of the game} Bxa6 38. bxa6 Rxa6) 37... d4 {desperation} (37...
Ra7 38. b6 Ra8 39. Kc3 Bb7 40. Kd4 Bc8 41. Nc5 Rxa5 42. b7 Kc7 43. bxc8=Q+ Kxc8
44. Kxd5 Ra2 45. Nd3 {is an easy win}) 38. exd4 Be6 39. Nc5 Bd5 40. a6 Rf8 41.
b6 {the rest is easy.Beautiful technique by white} f4 42. Bb5 fxg3 43. fxg3
Rf2+ 44. Kc3 Rxh2 45. Nd7 (45. b7 $142 Kc7 46. Nd7 Bxb7 47. axb7 Kxb7) 45...
Rg2 46. b7 Rxg3+ 47. Kb4 1-0

[Event "EU-chT (Men) 15th"]
[Site "Gothenburg"]
[Date "2005.08.02"]
[Round "4.1"]
[White "Bacrot, Etienne"]
[Black "Lutz, Christopher"]
[Result "1/2-1/2"]
[WhiteElo "2729"]
[BlackElo "2616"]
[Annotator "Gershon,A"]
[PlyCount "90"]
[EventDate "2005.07.30"]
[EventType "team-swiss"]
[EventRounds "9"]
[EventCountry "SWE"]
[SourceTitle "CBM 109"]
[Source "ChessBase"]
[SourceDate "2005.11.14"]
[SourceVersion "1"]
[SourceVersionDate "2005.11.14"]
[SourceQuality "1"]
[WhiteTeam "France"]
[BlackTeam "Germany"]
[WhiteTeamCountry "FRA"]
[BlackTeamCountry "GER"]

1. d4 Nf6 2. c4 e6 3. Nf3 b6 4. g3 Ba6 5. b3 Bb4+ 6. Bd2 Be7 7. Bg2 c6 8. Bc3
d5 9. Ne5 Nfd7 10. Nxd7 Nxd7 11. Nd2 O-O 12. O-O Rc8 13. e4 c5 (13... b5 {
is a more popular alternative in recent years. I suspect Lutz didn't play it
against Bacrot being concerned of the latter's improvement over the following
game:} 14. Re1 dxe4 15. Bxe4 bxc4 16. bxc4 c5 (16... Nb6 {is perhaps more
accurate:} 17. c5 Nd5 18. Qc2 h6 19. Bg2 Rb8 20. Nf3 Bf6 21. Bd2 Rb7 22. h4 Bb5
23. Re4 Rd7 24. a4 Ba6 25. Rb1 Ne7 26. Rb4 Nd5 27. Rb1 Ne7 28. Rb4 Nd5 {
1/2-1/2 Pelletier,Y-Gelfand,B/Biel SUI 2005/The Week in Chess 558}) 17. d5 exd5
18. Bxd5 Nb6 19. Ba5 Bf6 20. Rb1 Rb8 21. Qf3 Qd7 22. Bxb6 axb6 23. Ne4 Bd4 24.
Qf4 h6 25. a4 Rbe8 26. Rxb6 Qxa4 27. Reb1 Bxc4 28. Bc6 Qa5 29. Bxe8 Rxe8 30. h4
{here black has suffecient compensation for the exchange, but Adams blundered
here with} Be5 $2 {and lost after} 31. Nf6+ Bxf6 32. Qxc4 {1-0 Bacrot,E-Adams,
M/Dortmund GER 2005/The Week in Chess 558 (52)}) 14. exd5 exd5 15. dxc5 dxc4
16. c6 cxb3 17. Re1 b2 (17... Bb5 {has been thoroughly studied in Kamski -
Karpov match} 18. axb3 Bxc6 19. Bxc6 Rxc6 20. Rxa7 Bf6 21. Nc4 Bxc3 22. Rxd7
Qf6 23. Re4 {with slight edge for white}) 18. Bxb2 Nc5 19. Nc4 (19. Nb3 Nd3 20.
Re2 Bb4 21. Bd4 Bc5 {1/2-1/2 Gelfand,B-Anand,V/Shenyang 2000/CBM 079}) 19...
Bxc4 20. Qg4 Bg5 21. Qxc4 {After the forced series of moves, black is now able
to win an exchange (and does so). As compensation for the material white has a
very strong pawn on c6, which is strangling black, and an unanswered light
squared bishop.  What usually happens here is that black is forced to bail out
with an exchange sac, grabbing the 'c' pawn. However, in the light of
Topalov's latest innovation (see below) this position might lose its black
supporters.} Nd3 22. Be5 (22. Ba3 $5 {is probably the direction to search in
now:} Nxe1 23. Rxe1 Re8 {the latest, and quite an important addition to this
line belongs to Veselin Topalov, from the world championship in San Luis,
where he played} 24. Rxe8+ $1 {and after} Qxe8 25. Bd5 h5 $6 26. Kg2 Be7 27.
Bb2 Bf6 28. Bc1 Qe7 29. Be3 Rc7 30. h4 {1/2-1/2 Topalov,V-Anand,V/San Luis ARG
2005 (97) achieved a considerable advantage.}) 22... Nxe1 23. Rxe1 Bf6 24. Bxf6
{this move is virtually automatic, which, however, strikes me as quite
illogical: why should white not keep his bishop pair on the board? Well, i'm
still under the impression of Topalov's play.} (24. Bf4 Re8 25. Rxe8+ Qxe8 26.
Bd5 Be5 27. Be3 {would have led to virtually the same position as happened in
Topalov-Anand.}) 24... Qxf6 25. c7 {that was, of course, white's idea behind
taking on f6: with a pawn on c7 he is by no means risking to lose, but as
practice shows his risk of winning is minimal as well.} Qd6 26. Rc1 {white
winning black the exchange is a matter of time now (2 moves - Bb7 and Bxc8 -
to be exact), however, after that there is no win, as black throws in his
queen side pawns, which secures his sufficient counterplay.} b5 27. Qc2 g6 28.
Bb7 b4 29. Qc5 {That's Bacrot's improvement, which, however, doesn't really
improve his position. a draw is a draw.} (29. h4 h5 30. Kg2 a5 31. Qc4 Kg7 32.
Bxc8 {1/2-1/2 Beliavsky,A-Hracek,Z/Germany 2001/CBM 82 ext}) 29... Qxc5 30.
Rxc5 {White is planning on bringing in the king to the queen side, but black
makes it just on time.} Rfe8 31. Kf1 Kf8 $1 {Simple and good. Here white can
no more wait with capture on c8, as he ran out of useful moves, whereas black
wants to play Ke7.} (31... a5 {would be bad now, and seems that this was
Etienne's idea:} 32. Bxc8 Rxc8 33. Ke2 Kf8 34. Kd3 a4 35. Rc4 b3 36. a3 {
white wins a pawn, and gets (some) chances for a win.}) 32. Bxc8 Rxc8 33. Ke2
Ke7 34. Kd3 Kd6 35. Kc4 Rxc7 36. Rxc7 Kxc7 37. Kxb4 Kb6 {this totally symetric
position is, of course, a dead draw.} 38. f4 f5 39. h3 h6 40. Kc4 Kc6 41. a3 a6
42. Kd4 Kd6 43. a4 a5 44. Kc4 Kc6 45. h4 h5 1/2-1/2